| 000 | 004580000a22001810004500 | ||
|---|---|---|---|
| 003 | MACL | ||
| 005 | 20150814165919.0 | ||
| 008 | 150814b xxu||||| |||| 00| 0 eng d | ||
| 040 |
_aMACL _cMACL |
||
| 041 | _aEnglish | ||
| 082 | _a415/DER | ||
| 100 |
_aSpivak, Gayatri Chakravorty _95723 |
||
| 245 | _aJacques Derrida of Grammatology | ||
| 260 |
_bMotilal Banarsidas _c1994 _aDelhi |
||
| 350 | _a300 | ||
| 650 |
_aLinguistics _95725 |
||
| 942 |
_cBK _k415 _2ddc |
||
| 999 |
_c20051 _d20051 |
||